000 00499nam a2200169Ia 4500
999 _c3191
_d3191
003 OSt
005 20200918142700.0
008 190216s9999||||xx |||||||||||||| ||und||
040 _coclc
082 _a543.5
_bCHA/A
100 _aChatwal, Gurdeep R
_94120
245 0 _aAnalytical Spectroscopy /
_cGurdeep R Chatwal
260 _bHimalaya Publishing House,
_c2013.
_aMumbai:
300 _a403p
650 _aAnalytical Chemistry
942 _cBK
_2ddc
_h543.5
_iCHA/A
_k543.5
_mCHA/A